|
|
|
|
| LEADER |
01238nam a2200373 a 4500 |
| 001 |
000583063 |
| 003 |
CZ BrMZK |
| 005 |
20090406095741.0 |
| 007 |
ta |
| 008 |
020109s2001 xr e c cze d |
| 015 |
|
|
|a cnb001064085
|
| 020 |
|
|
|a 80-238-7821-2
|
| 035 |
|
|
|a (OCoLC)51184671
|
| 040 |
|
|
|a BOA001
|b cze
|
| 043 |
|
|
|a e-xr---
|
| 045 |
|
|
|a x-y-
|
| 072 |
|
7 |
|a 75
|x Malířství
|2 Konspekt
|9 21
|
| 080 |
|
|
|a 75(437.3)
|2 MRF
|
| 080 |
|
|
|a 75.036/.038
|2 MRF
|
| 080 |
|
|
|a (437.3)
|2 MRF
|
| 080 |
|
|
|a (083.824)
|2 MRF
|
| 100 |
1 |
|
|a Zet, Martin,
|d 1959-
|7 jn20020217008
|4 aut
|
| 245 |
1 |
0 |
|a Pět projektů /
|c Martin Zet
|
| 246 |
1 |
4 |
|a <<Los >>artistas unidos jamás serán vencidos!
|
| 260 |
|
|
|a Libušín :
|b Zet Centre for Contemporary Arts,
|c 2001
|
| 300 |
|
|
|a [54] s. :
|b il. ;
|c 28 cm
|
| 600 |
1 |
7 |
|a Zet, Martin,
|d 1959-
|7 jn20020217008
|2 czenas
|
| 648 |
|
7 |
|a 20.-21. století
|7 ch462155
|2 czenas
|
| 650 |
0 |
7 |
|a české malířství
|7 ph116864
|y 20.-21. stol.
|2 czenas
|
| 650 |
0 |
7 |
|a moderní malířství
|7 ph122940
|z Česko
|2 czenas
|
| 655 |
|
7 |
|a katalogy výstav
|7 fd132536
|2 czenas
|
| 910 |
|
|
|a BOA001
|b 3-1095.253
|
| 990 |
|
|
|a BK
|
| 996 |
6 |
|
|b 2610151230
|c 3-1095.253
|l MZK
|r Sklad / do 1 hodiny
|n 7
|p p.v.
|w 000583063
|u 000010
|a 1
|e BOA001
|j MZK50
|s P
|